00660nam a2200169 a 450000100100000000500170001000800410002704000250006808200210009310000360011424500510015025000110020126000640021230000200027695201770029699900170047300003239920200930065624.0110715s1940 dr 000 0 spa d aDO-SdBNPbspacBNPHU axxxbM385p, 19401 aMartínez Conde, José92408110aPincel :bpoesía /cJosé Martínez Conde. a2a ed. a[Ciudad Trujillo, República Dominicana] :b[s.n.],c1940. a29 p. ;c21 cm. 001050718RVaPDbPDcCTd2011-07-15iLF1l0oxxx M385p, 1940p32399-10r2020-06-25w2020-06-25y1zPerteneció a la biblioteca personal de Martínez BoogZNo se presta c31890d31890